000 00299nam a2200109Ia 4500
008 200302s9999 xx 000 0 und d
100 _aSI Edition
245 _aHeating Ventilating and Air-Conditioning Applications
260 _bAmerican Society of Heating Inc.
260 _c1999
300 _a54.19 P.,
999 _c1213
_d1213